| 000 | 00000nam 2200000za 4500 |
| 001 | 9.847004 |
| 003 | CaOODSP |
| 005 | 20241203113640 |
| 007 | cr ||||||||||| |
| 008 | 171110s1984 onca|||fo f000 0 eng d |
| 040 | |aCaOODSP|beng |
| 041 | |aeng|bfre |
| 043 | |an-cn--- |
| 086 | 1 |aEn13-5/84-12E-PDF |
| 100 | 1 |aSavile, H. A. |
| 245 | 10|aTwo phase interface exciter |h[electronic resource] / |cby H.A. Savile. |
| 260 | |aBurlington, Ont. : |bManufacturing and Technical Development Section, Hydraulics Division, National Water Research Institute,|c1984. |
| 300 | |a1 v. (various pagings) : |bill. |
| 490 | 1 |a[NWRI] ; |v84-12 |
| 500 | |a"February 1984". |
| 500 | |a"ES-557". |
| 500 | |aDigitized edition from print [produced by Environment and Climate Change Canada]. |
| 520 | 3 |a"A study underway to measure the diffusion of solutes across the interface of two immiscible liquids requires a means of gently agitating the interface without violently mixing it. A device using a vertically reciprocated paddle having variable size, frequency, and amplitude is described"--Abstract. |
| 546 | |aIncludes abstract in French. |
| 692 | 07|2gccst|aWater quality |
| 692 | 07|2gccst|aScientific equipment |
| 710 | 1 |aCanada. |bEnvironment Canada. |
| 710 | 2 |aNational Water Research Institute (Canada) |
| 830 | #0|aNWRI contribution ;|vno. 84-12|w(CaOODSP)9.844121 |
| 856 | 40|qPDF|s2.91 MB|uhttps://publications.gc.ca/collections/collection_2017/eccc/En13-5-84-12-eng.pdf |